000 00612nam a22001937a 4500
999 _c169885
_d169885
005 20191216151832.0
010 _aB-70158
020 _a81230106164
_c90.00
035 _aB-70158
037 _bBPPD/Pub.
082 _a582.16
100 _aپرملا پنڈت بروا
245 _aپیڑ پیودوں کی داستان /
_cپرملا پنڈت بروا
246 _aPed Padon ki Dastaan(Urdu) /
_bParmila Pandat Barwa
260 _aDelhi
_bPublication division
_c2002
270 _aPatiyala house
_bNew Delhi
_e110001
300 _a87p.
_c20cm(pbk)
942 _2ddc
_cUR
_h582.16
_mپ ر و